| 000 | 00426nam a2200181Ia 4500 | ||
|---|---|---|---|
| 001 | 881 | ||
| 005 | 20260306140550.0 | ||
| 008 | 260306t2017||||xx |||||||||||||| ||spa|| | ||
| 041 | _aESP | ||
| 082 |
_a171.2 _bS41 |
||
| 100 |
_aSepúlveda del Río, Ignacio _eAUT |
||
| 245 | 0 | _aHumanismo y ética básica | |
| 260 | _c2017 | ||
| 300 |
_a233 páginas : _c23 cm. |
||
| 650 | _aGEN | ||
| 654 | _aCHU | ||
| 942 |
_cLIB _dJUS _fJUS _2ddc _n |
||
| 999 |
_c881 _d881 |
||